[Event "Asia Cities-ch 12th"]
[Site "Beirut"]
[Date "2000.03.25"]
[Round "9"]
[White "Erkhembayar, Duurenbayar"]
[Black "Ibragimov, Alibek"]
[Result "0-1"]
[WhiteElo "2299"]
[BlackElo "2441"]
[PlyCount "42"]
[EventDate "2000.03.19"]
[EventType "team-swiss"]
[EventRounds "9"]
[EventCountry "LBN"]
[SourceTitle "EXT 2020"]
[Source "ChessBase"]
[SourceDate "2019.10.17"]
[SourceVersion "1"]
[SourceVersionDate "2019.10.17"]
[SourceQuality "1"]
[WhiteTeam "Ulaanbaatar"]
[BlackTeam "Pavlodar"]
[WhiteTeamCountry "MGL"]
[BlackTeamCountry "KAZ"]

1. d4 Nf6 2. c4 g6 3. Nc3 d5 4. cxd5 Nxd5 5. e4 Nxc3 6. bxc3 Bg7 7. Nf3 c5 8. Rb1 0-0 9. Be2 cxd4 10. cxd4 Qa5+ 11. Bd2 Qxa2 12. 0-0 b6 13. Bb4 Qe6 14. d5 Qd7 15. Ba3 Ba6 16. Re1 Rc8 17. Nd4 Bxe2 18. Rxe2 Na6 19. Nc6 Nc5 20. g3 e6 21. Kg2 Re8 0-1

[Event "Asia Cities-ch 12th"]
[Site "Beirut"]
[Date "2000.03.23"]
[Round "6"]
[White "Hussein, Aziz Nezad"]
[Black "Erkhembayar, Duurenbayar"]
[Result "0-1"]
[WhiteElo "2404"]
[BlackElo "2299"]
[PlyCount "82"]
[EventDate "2000.03.19"]
[EventType "team-swiss"]
[EventRounds "9"]
[EventCountry "LBN"]
[SourceTitle "EXT 2020"]
[Source "ChessBase"]
[SourceDate "2019.10.17"]
[SourceVersion "1"]
[SourceVersionDate "2019.10.17"]
[SourceQuality "1"]
[WhiteTeam "Baghdad"]
[BlackTeam "Ulaanbaatar"]
[WhiteTeamCountry "IRQ"]
[BlackTeamCountry "MGL"]

1. e4 c5 2. Nf3 Nc6 3. d4 cxd4 4. Nxd4 e5 5. Nb5 d6 6. c4 Be7 7. g3 Be6 8. b3 a6 9. N5c3 Bg5 10. Bb2 Nge7 11. Bg2 0-0 12. 0-0 Bh6 13. Nd5 b5 14. cxb5 axb5 15. Nbc3 b4 16. Nxe7+ Nxe7 17. Nd5 Bxd5 18. exd5 f5 19. Qd3 Ra5 20. Qc4 Qb6 21. Bxe5 dxe5 22. d6+ Nd5 23. Bxd5+ Kh8 24. d7 Rc5 25. Qd3 Rc3 26. Qe2 e4 27. Rad1 Bg5 28. Qh5 Qd8 29. h4 Be7 30. Kg2 g6 31. Qh6 Rc7 32. Bc4 Rxd7 33. h5 g5 34. Rxd7 Qxd7 35. Rc1 Qd2 36. Qe6 Bf6 37. Rf1 Bc3 38. g4 Qf4 39. f3 Be5 40. Rf2 e3 41. Re2 Qh2+ 0-1